00833cam a22002531 4500001001300000003000400013005001700017008004100034010001700075035001900092040004600111042001200157050001700169082001200186100003600198245008300234260005400317300004000371500002500411504008600436650001200522700002800534999001700562agr45000147 DLC20260227111003.0750703s1945 idua b 000 0 eng c aagr45000147  a(OCoLC)1428409 aU.S. Dept of Agr. LibrarycFOdOCoLCdDLC apremarc00aSF293.M9bW9 a636.1681 aWyman, Walker Demarquis,d1907-14aThe wild horse of the West,cby Walker D. Wyman. Illustrated by Harold Bryant. aCaldwell, Id.,bThe Caxton Printers, ltd.,c1945. a348 p.bcol. front., illus.c24 cm. aMap on lining-paper. aBibliography: p. [229]-342. "Footnotes" (bibliographical) at end of each chapter. 0aHorses.1 aBryant, Harold,eillus. c10376d10376